000 00650nam a22002297a 4500
003 UA-OsUOA
001 55730
007 ta
008 20080919b un ||||| |||| 00| 0 ukr d
100 _aДовбня С.Б.
700 _aГічова Н.Ю.
090 _a330
_bД58
942 _cSA
040 _aUA-OsUOA
_bukr
_cUA-OsUOA
_dUA-OsUOA
245 _aДіагностика рівня економічної безпеки підприємства
300 _aС.88-98
955 _a0
041 _aukr
080 _a330
773 0 _w55723
_tФінанси України
_dК.
_d2008
_g4
650 7 _a330 Економіка взагалі
_2UDC
999 _c341809
_d341809